000 00723nam a2200205 a 4500
001 000042473
005 20201002040158.0
008 131204s1986 sp a 000 0 spa d
020 _a8474720737
040 _aDO-SdBNP
_bspa
_cBNPHU
082 _axxxxxxx
_bxxxxxxx
100 1 _aPavón Maldonado, Basilio
_969653
245 1 4 _aLas almenas decorativas hispanomusulmanas /
_cBasilio Pavón Maldonado.
250 _a2a ed.
260 _aMadrid :
_bInstituto Hispano-Arabe de Cultura,
_c1986.
300 _a33, xvii p. :
_bil. ;
_c25 cm.
490 1 _aCuadernos de arte y arqueología
_v1
500 _aIncluye referencias bibliográficas y notas al pie de las páginas
830 0 _aCuadernos de arte y arqueología
_n1
_969654
999 _c41962
_d41962